000 00463nam a2200169 i 4500
001 27391
003 ES-MaACL
005 20240515063030.0
007 t|
008 030114s1968 sp ||||1| spa d
100 1 _aAyala, Francisco,
_d1906-2009
_924111
245 1 0 _aMuertes de perro /
_cFrancisco Ayala.
260 _aMadrid :
_bAlianza,
_c[1968]
300 _a236 p. ;
_c18 cm.
852 _aES-MaACL
_jC-35377
_bR.68499
999 _c27391
_d27391